[Event "PAR-ch"]
[Site "Asuncion"]
[Date "2011.10.01"]
[Round "6"]
[White "Florentin, Damaso"]
[Black "Herrero, Juan Luis"]
[Result "1-0"]
[WhiteElo "1806"]
[BlackElo "1367"]
[PlyCount "109"]
[EventDate "2011.09.23"]
[EventType "swiss"]
[EventRounds "9"]
[EventCountry "PAR"]
[SourceTitle "CBM 144 Extra"]
[Source "ChessBase"]
[SourceDate "2011.10.28"]
[SourceVersion "1"]
[SourceVersionDate "2011.10.28"]
[SourceQuality "1"]

1. e4 c6 2. Nf3 d5 3. exd5 cxd5 4. Ne5 Qc7 5. d4 Nd7 6. f4 Nxe5 7. fxe5 a6 8. Bd3 e6 9. 0-0 Ne7 10. c3 g6 11. Qf3 Nc6 12. Qf6 Rg8 13. Nd2 Bg7 14. Qf2 Rf8 15. Qh4 h5 16. Nf3 Bd7 17. Ng5 Nd8 18. Nh7 Rh8 19. Nf6+ Bxf6 20. Qxf6 Rg8 21. Bg5 Bb5 22. Rad1 Qd7 23. Rf2 Rc8 24. Bb1 Rc7 25. Rdd2 b6 26. Rf3 Ra7 27. Rdf2 Qc7 28. h4 a5 29. Qxd8+ Qxd8 30. Bxd8 Kxd8 31. Rxf7 Rxf7 32. Rxf7 Bd7 33. Rf6 g5 34. Rh6 gxh4 35. Rxh5 Rg4 36. Bd3 a4 37. a3 Rg3 38. Be2 h3 39. Rxh3 Rxh3 40. gxh3 b5 41. Bh5 Ke7 42. Kf2 Kf8 43. Kg3 Kg7 44. Kh4 Kh6 45. Be2 Bc6 46. Kg4 Be8 47. Kf4 Bc6 48. Bd1 Be8 49. b3 Bh5 50. Bxh5 Kxh5 51. bxa4 bxa4 52. Ke3 Kh4 53. Kd3 Kxh3 54. c4 Kg4 55. c5 1-0

[Event "PAR-ch"]
[Site "Asuncion"]
[Date "2011.09.30"]
[Round "5"]
[White "Zacarias Martinez, Ruben David"]
[Black "Florentin, Damaso"]
[Result "1-0"]
[WhiteElo "2182"]
[BlackElo "1806"]
[PlyCount "131"]
[EventDate "2011.09.23"]
[EventType "swiss"]
[EventRounds "9"]
[EventCountry "PAR"]
[SourceTitle "CBM 144 Extra"]
[Source "ChessBase"]
[SourceDate "2011.10.28"]
[SourceVersion "1"]
[SourceVersionDate "2011.10.28"]
[SourceQuality "1"]

1. e4 d6 2. d4 c6 3. Nf3 Qc7 4. c4 e5 5. Nc3 Bg4 6. Be2 Nd7 7. 0-0 Ngf6 8. Be3 Bh5 9. h3 Be7 10. d5 a6 11. Rc1 c5 12. a3 Rb8 13. b4 b6 14. Nd2 Bxe2 15. Qxe2 h6 16. Kh2 g5 17. g3 Bf8 18. f4 exf4 19. gxf4 Be7 20. fxg5 hxg5 21. Bxg5 Qd8 22. Rf5 Ne5 23. Rg1 Kd7 24. Bf4 Rh7 25. Bxe5 dxe5 26. Nf3 Qh8 27. Ng5 Rh6 28. Qf3 Rf8 29. Rf1 Qg7 30. d6 Bd8 31. Nd5 Nxd5 32. Nxf7 Nf6 33. Nxh6 Qxh6 34. bxc5 bxc5 35. Rxe5 Qd2+ 36. Kh1 Rh8 37. Qf5+ Kxd6 38. Qe6+ Kc7 39. Rxc5+ Kb7 40. e5 Qd7 41. Qxd7+ Nxd7 42. Rf7 Kb6 43. Rd5 Nb8 44. Kg2 Nc6 45. Rf4 Bc7 46. Re4 Re8 47. e6 Nd8 48. Rf5 Kc6 49. e7 Nb7 50. Rf8 Kd7 51. Rxe8 Kxe8 52. h4 Bd6 53. h5 Bxe7 54. h6 Nd8 55. h7 Nf7 56. Rf4 Nh8 57. a4 a5 58. Kf3 Kd7 59. Ke4 Bd6 60. Rg4 Ba3 61. Kd5 Bb2 62. c5 Nf7 63. Rg6 Kc7 64. Ra6 Ng5 65. Rxa5 Kc8 66. Ra8+ 1-0

[Event "PAR-ch"]
[Site "Asuncion"]
[Date "2011.09.29"]
[Round "4"]
[White "Florentin, Damaso"]
[Black "Ibanez, Juan"]
[Result "0-1"]
[WhiteElo "1806"]
[BlackElo "2001"]
[PlyCount "170"]
[EventDate "2011.09.23"]
[EventType "swiss"]
[EventRounds "9"]
[EventCountry "PAR"]
[SourceTitle "CBM 144 Extra"]
[Source "ChessBase"]
[SourceDate "2011.10.28"]
[SourceVersion "1"]
[SourceVersionDate "2011.10.28"]
[SourceQuality "1"]

1. e4 c5 2. Nf3 d6 3. Bc4 Nc6 4. d3 Nf6 5. c3 g6 6. 0-0 Bg7 7. Bb3 0-0 8. h3 b5 9. Re1 a5 10. Bc2 Nd7 11. Bf4 b4 12. d4 Qb6 13. Ba4 cxd4 14. cxd4 Nxd4 15. Nxd4 Bxd4 16. Be3 Bxe3 17. Rxe3 Ne5 18. Nd2 Ba6 19. Bb3 Rac8 20. Nf3 Qc5 21. Ng5 Rc7 22. Rg3 Bc4 23. Rc1 Qb6 24. Qd2 Bxb3 25. Rxc7 Qxc7 26. axb3 Rc8 27. Qd5 e6 28. Qb5 Nc6 29. Kh2 Nd4 30. Qd3 e5 31. Nf3 Ne6 32. Nd2 Nf4 33. Qa6 Ne6 34. Nc4 Nc5 35. Qxd6 Nxe4 36. Qxc7 Rxc7 37. Re3 Nc5 38. Nxa5 f6 39. Nc4 Kf7 40. g4 Ke6 41. g5 e4 42. gxf6 Kxf6 43. f3 Re7 44. Nb6 Ke5 45. fxe4 Nxe4 46. Rd3 Rf7 47. Rd5+ Kf4 48. Kg2 Rc7 49. Nc4 Rc5 50. Rd7 Rg5+ 51. Kh2 Nf6 52. Rd4+ Kf3 53. Rd3+ Ke4 54. Rd8 Nd5 55. h4 Rh5 56. Kg3 h6 57. Rd6 g5 58. Nd2+ Ke5 59. Nc4+ Ke4 60. hxg5 Rxg5+ 61. Kh4 Rg1 62. Kh3 Nf4+ 63. Kh2 Rg2+ 64. Kh1 h5 65. Rf6 Re2 66. Rf8 Kf3 67. Rf5 Kg3 68. Rg5+ Kh3 69. Re5 Rh2+ 70. Kg1 Ne2+ 71. Kf1 Ng3+ 72. Ke1 h4 73. Re8 Kg2 74. Ne3+ Kf3 75. Nd1 Rh1+ 76. Kd2 Ne4+ 77. Kc1 Nf2 78. Rf8+ Kg3 79. Rg8+ Kh3 80. Kd2 Nxd1 81. Rb8 Nf2 82. Rxb4 Kg3 83. Rb8 h3 84. Rh8 h2 85. Ke2 Ng4 0-1

[Event "PAR-ch"]
[Site "Asuncion"]
[Date "2011.09.25"]
[Round "3"]
[White "Gamarra, Ramon"]
[Black "Florentin, Damaso"]
[Result "0-1"]
[WhiteElo "1961"]
[BlackElo "1806"]
[PlyCount "60"]
[EventDate "2011.09.23"]
[EventType "swiss"]
[EventRounds "9"]
[EventCountry "PAR"]
[SourceTitle "CBM 144 Extra"]
[Source "ChessBase"]
[SourceDate "2011.10.28"]
[SourceVersion "1"]
[SourceVersionDate "2011.10.28"]
[SourceQuality "1"]

1. d4 Nf6 2. c4 e6 3. g3 d5 4. Bg2 b6 5. Nf3 Bb7 6. 0-0 Be7 7. Nc3 0-0 8. Ne5 Nbd7 9. f4 c5 10. e3 a6 11. b3 Qc7 12. Ba3 dxc4 13. Bxb7 Qxb7 14. bxc4 Rfe8 15. Qe2 g6 16. Rab1 Qc7 17. Qg2 Rac8 18. Na4 Bf8 19. g4 b5 20. Nxc5 Nxc5 21. dxc5 Bxc5 22. Bc1 b4 23. g5 Nh5 24. Qe2 Nxf4 25. Qb2 Nh3+ 26. Kg2 Nxg5 27. h4 Bd6 28. Ng4 Qc6+ 29. Kf2 Qf3+ 30. Ke1 Bg3+ 0-1

[Event "Asuncion Preclasificatorio Mayor"]
[Site "Asuncion"]
[Date "2011.07.24"]
[Round "7.1"]
[White "Florentin, Damaso"]
[Black "Apuril, Jose"]
[Result "1/2-1/2"]
[WhiteElo "1743"]
[BlackElo "1855"]
[PlyCount "94"]
[EventDate "2011.07.02"]
[EventType "swiss"]
[EventRounds "7"]
[EventCountry "PAR"]
[SourceTitle "EXT 2023"]
[Source "ChessBase"]
[SourceDate "2022.10.05"]
[SourceVersion "1"]
[SourceVersionDate "2022.10.05"]
[SourceQuality "1"]

1. e4 c5 2. Nf3 e6 3. Nc3 a6 4. g3 b5 5. Bg2 Bb7 6. d3 Qc7 7. 0-0 Nc6 8. Nh4 d6 9. f4 Nf6 10. f5 0-0-0 11. a4 b4 12. Ne2 d5 13. exd5 exd5 14. c3 Bd6 15. Bd2 bxc3 16. bxc3 Rhe8 17. Nf3 Ng4 18. Nf4 Ne7 19. Ng5 Nh6 20. g4 Be5 21. Rb1 Rd7 22. c4 Bc6 23. Qe2 Nexf5 24. Kh1 Nd4 25. Qd1 dxc4 26. Ne4 f5 27. gxf5 Nhxf5 28. Qg4 Bd6 29. Nh5 Bxh2 30. Rxf5 Nxf5 31. Qxf5 g6 32. Qh3 gxh5 33. Qxh2 Qxh2+ 34. Kxh2 Bxe4 35. Bf4 Bb7 36. Bh3 Ree7 37. dxc4 Kd8 38. Bg5 Ke8 39. Bxd7+ Rxd7 40. Re1+ Kf7 41. Re5 Rc7 42. Kg3 Bc8 43. Be3 Kf6 44. Rxh5 Bf5 45. Kf4 Re7 46. Kf3 Re5 47. Bf4 Re1 1/2-1/2